Pasiar, L.: Didaktika aplikovanej informatiky

Recenzia na publikáciu „Didaktika aplikovanej informatiky“ , ktorá prináša na trh vysokoškolských učebníc a učebných textov vzácny učebný materiál s ambíciou pomôcť budúcim, ale aj súčasným učiteľom predmetu aplikovaná informatika a podobných predmetov skvalitniť vyučovací proces v nich z obsahového...

Descrizione completa

Salvato in:
Dettagli Bibliografici
Autore principale: Novák, Jaromír, 1978-
Natura: Capitolo di libro
Lingua:slovacco
Soggetti:
Tags: Aggiungi Tag
Nessun Tag, puoi essere il primo ad aggiungerne!!

MARC

LEADER 00000nla a2200000 4500
001 0210411
005 20240502073514.0
041 0 |a slo 
044 |a SK 
245 1 0 |a Pasiar, L.: Didaktika aplikovanej informatiky  |c Jaromír Novák 
520 |a Recenzia na publikáciu „Didaktika aplikovanej informatiky“ , ktorá prináša na trh vysokoškolských učebníc a učebných textov vzácny učebný materiál s ambíciou pomôcť budúcim, ale aj súčasným učiteľom predmetu aplikovaná informatika a podobných predmetov skvalitniť vyučovací proces v nich z obsahového i metodického hľadiska . Je určená predovšetkým študentom Katedry pedagogiky Národohospodárskej fakulty Ekonomickej univerzity v Bratislave, ktorí sa pripravujú na rolu učiteľov ekonómov pre stredné školy. 
610 2 0 |a recenzie 
610 2 0 |a informatika aplikovaná 
610 2 0 |a didaktika 
610 2 0 |a informatika ekonomická 
100 1 |a Novák, Jaromír, 1978-